000 00307nam a22001337a 4500
020 _a978-0-2412-8306-6
082 _a823
_bDEN/B
100 _aDR. DENNIE, DERVIN
245 _aMY BOOK OF ROCKS AND MINERALS
260 _aLONDON
_bDORLING KINDERSLEY LIMITED
300 _a95
650 _aGK
_zUK
942 _cBK
999 _c6268
_d6268